Chargement en cours...

Impact of Insulin on Metabolic Pathways

Détails bibliographiques
Auteurs principaux: Eleazar, Eleazar Shafrir
Format: Printed Book
Langue:Undetermined
Publié: Academic press 1972
NewYork
Sujets:
LEADER 00662nam a2200241Ia 4500
008 141122s9999 xx 000 0 und d
040 |c . 
041 |a English 
082 |a 572.565 
082 |b SHA/IM 
100 |a  Eleazar  
100 |a Eleazar Shafrir  
245 |a Impact of Insulin on Metabolic Pathways 
245 |c Eleazar Shafrir  
260 |b Academic press 
260 |b NewYork 
260 |c 1972 
300 |a 569 Pages 
500 |a General (D) 
650 |a Biochemistry 
942 |c BK 
999 |c 16223  |d 16223 
952 |0 0  |1 0  |4 0  |6 572_565000000000000_SHAIM  |7 0  |9 15945  |a COVAS  |b COVAS  |d 0000-00-00  |o 572.565 SHA/IM  |p 8369  |r 2014-11-26  |w 2014-11-26  |y BK